| 000 | 00547nam a22001817a 4500 | ||
|---|---|---|---|
| 003 | OSt | ||
| 005 | 20140310181756.0 | ||
| 008 | 130629t xxu||||| |||| 00| 0 eng d | ||
| 020 | _a9789715421249 | ||
| 050 |
_aML 541 _b.M141 1998 |
||
| 082 |
_aFIL 784.19 _bM11 1998 |
||
| 245 |
_aGongs and Bamboo : _ba Panorama of Philippine music Instruments / _cJose Maceda |
||
| 260 |
_aQuezon City, Philippines: _bUniversity of the Philippines Press, _cc1998 |
||
| 300 |
_a326 p. _bill.; _c31 cm. |
||
| 521 | _a | ||
| 541 | _j1 | ||
| 942 |
_2lcc _cBK-FIL _kFIL |
||
| 999 |
_c3425 _d3425 |
||